| 000 | 00855nam a2200277Ia 4500 | ||
|---|---|---|---|
| 003 | GCL | ||
| 008 | 140319s9999 xx 000 0 ara d | ||
| 040 |
_aGCL / _cGCL |
||
| 082 | 0 | 4 |
_a301.21 _bم ث |
| 100 | 1 | _aفيصل دراج | |
| 245 | 1 | 0 |
_aالثقافة الوطنية(1) التبعية, التراث, الممارسة / _cفيصل دراج |
| 700 | 1 | _aسعدالله ونوس | |
| 700 | 1 | _aعبدالرحمن منيف | |
| 700 | 1 | _aجابر عصفور | |
| 260 |
_a[S.N] : _bمؤسسة العيبال للدراسات والنشر ، _c1991 |
||
| 300 | _a437 ص | ||
| 490 | _a | ||
| 650 | 0 | 4 | _aالعالم العربى |
| 650 | 0 | 4 | _aالتراث |
| 650 | 0 | 4 | _aالثقافة العربية |
| 650 | 0 | 4 | _aالوطنية |
| 650 | 0 | 4 | _aالعلمانية |
| 650 | 0 | 4 | _aالتخلف |
| 650 | 0 | 4 | _aالانتماء |
| 942 |
_2ddc _cBK |
||
| 999 |
_c37167 _d37167 |
||